Finanční analýza jako podklad pro stanovení finanční situace firmy I.D.C. Praha, a.s.

Saved in:
Bibliographic Details
Main Author Pospíšilová, Vendula (Dissertant)
Other Authors Hanzal, Vladimír (Thesis advisor)
Format Manuscript Book
LanguageCzech
Published 2010
Subjects
Online AccessPlný text v Digitální knihovně UTB
Physical Description59 s., 8 s. obr. příloh

Cover

LEADER 00000ntm a22000007u 4500
001 zp15250
041 |a cze 
100 1 |a Pospíšilová, Vendula  |4 dis 
245 1 0 |a Finanční analýza jako podklad pro stanovení finanční situace firmy I.D.C. Praha, a.s. 
246 |a Financial analysis as a basis for establishing the financial situation of the firm I.D.C. Prague Inc. 
260 |c 2010 
300 |a 59 s., 8 s. obr. příloh 
500 |a Studijní obor: Finanční řízení podniku 
500 |a Studijní obor: Financial management of enterprises 
500 |a Ústav: Vyšší odborná škola ekonomická 
500 |a Univerzita Tomáše Bati ve Zlíně. Fakulta managementu a ekonomiky 
500 |a Tomas Bata University in Zlín. Faculty of Management and Economics 
506 |a Bez omezení 
653 |a finanční analýza 
653 |a finanční zdraví 
653 |a finanční tíseň 
653 |a rentabilita 
653 |a likvidita 
653 |a zadluženost 
653 |a pyramidový rozklad 
653 |a odvětvová analýza 
653 |a financial analysis 
653 |a financial health 
653 |a financial distress 
653 |a profitability 
653 |a liquidity 
653 |a debt 
653 |a pyramidal analysis 
653 |a sector analysis 
655 4 |a bakalářská práce 
700 1 |a Hanzal, Vladimír  |4 ths 
710 2 |a Univerzita Tomáše Bati ve Zlíně. Fakulta managementu a ekonomiky  |4 dgg 
710 2 |a Tomas Bata University in Zlín. Faculty of Management and Economics  |4 dgg 
856 4 0 |u http://hdl.handle.net/10563/12860  |y Plný text v Digitální knihovně UTB